| 000 | 01365nam a2200205Ia 4500 | ||
|---|---|---|---|
| 003 | Ost | ||
| 005 | 20260507075116.0 | ||
| 008 | 260507s9999||||xx |||||||||||||| ||und|| | ||
| 040 | _cfsecg | ||
| 041 | _aara | ||
| 082 | _a333.7 | ||
| 100 |
_aعبد الحميد، عبد المطلب _eمؤلف |
||
| 245 | 0 |
_aأساسيات في الموارد الإقتصادية / _c عبد المطلب عبد الحميد |
|
| 260 |
_aالإسكندرية: _bالدار الجامعية, _c2005 |
||
| 300 |
_a310 صفحة؛ _bإيضاحات ؛ _c24 سم |
||
| 520 | _aالموارد الإقتصادية من حيث التعريف والأهمية- التقسيمات المختلفة للموارد الإقتصادية- إقتصاديات وتخطيط وتنمية الموارد البشرية-اقتصاديات التعليم والإستثمار في الموارد البشرية- اقتصاديات السكان والتنمية- استراتيجية التنمية في جنوب الوادي وأهدافه- الموارد المعدنية- موارد الطاقة والبترول- الموارد الطبيعية في جمهورية مصر العربية- مشكلات اختلال العلاقة بين البيئة والتنمية | ||
| 653 | _aالموارد الإقتصادية | ||
| 700 |
_aشابة، محمد _eمؤلف ثانوي |
||
| 942 | _cكتاب | ||
| 999 |
_c43021 _d43021 |
||